|
|
|
|
| LEADER |
00779nam a22001817a 4500 |
| 082 |
|
|
|a 894.M301
|b MAN3/E L2
|
| 100 |
|
|
|a മാനസി;
|9 30161
|
| 100 |
|
|
|a Manasi
|9 24071
|
| 240 |
|
|
|a Edivalinte thengal
|
| 245 |
|
|
|a ഇടിവാളിന്റെ തേങ്ങല്
|
| 250 |
|
|
|a 1st
|
| 260 |
|
|
|a Trichur;
|b Current Books;
|c 1972
|
| 300 |
|
|
|a 82p.
|
| 650 |
|
|
|a മലയാളം; മലയാളം സാഹിത്യം; മലയാളം ചെറുകഥകള്
|9 30162
|
| 650 |
|
|
|a Malayalam; Malayalam Literature; Malayalam Short Stories; Manasy
|9 30163
|
| 942 |
|
|
|c BK
|
| 999 |
|
|
|c 35233
|d 35233
|
| 952 |
|
|
|0 0
|1 0
|4 0
|6 894_000000000000000_M301_MAN3_E_L2
|7 0
|8 STO
|9 39369
|a MAL
|b MAL
|d 2015-05-30
|e 15940
|g 2.00
|l 0
|o 894.M301 MAN3/E L2
|p MAL015940
|r 2015-05-30
|t 1
|w 2015-05-30
|y BK
|